<?xml version="1.0" encoding="UTF-8"?>
<record
    xmlns:xsi="http://www.w3.org/2001/XMLSchema-instance"
    xsi:schemaLocation="http://www.loc.gov/MARC21/slim http://www.loc.gov/standards/marcxml/schema/MARC21slim.xsd"
    xmlns="http://www.loc.gov/MARC21/slim">

  <leader>01935    a2200253   4500</leader>
  <controlfield tag="001">44875</controlfield>
  <controlfield tag="005">20260407155723.0</controlfield>
  <controlfield tag="008">260407a1997    arg                 spa d</controlfield>
  <controlfield tag="003">AR-UNSa-BCEJYS</controlfield>
  <datafield tag="040" ind1=" " ind2=" ">
    <subfield code="a">AR-UNSa-BCEJYS</subfield>
    <subfield code="b">spa</subfield>
    <subfield code="c">AR-UNSa-BCEJYS</subfield>
  </datafield>
  <datafield tag="080" ind1=" " ind2=" ">
    <subfield code="a">330.101.541</subfield>
    <subfield code="x">Macroeconom&#xED;a</subfield>
  </datafield>
  <datafield tag="245" ind1="1" ind2="0">
    <subfield code="a">Macroeconom&#xED;a</subfield>
    <subfield code="p">teor&#xED;a y pol&#xED;tica</subfield>
  </datafield>
  <datafield tag="020" ind1=" " ind2=" ">
    <subfield code="a">84-481-0968-6</subfield>
  </datafield>
  <datafield tag="264" ind1=" " ind2="1">
    <subfield code="a">Madrid :</subfield>
    <subfield code="b">McGraw-Hill</subfield>
    <subfield code="c">1997</subfield>
  </datafield>
  <datafield tag="300" ind1=" " ind2=" ">
    <subfield code="a">xi, 565 p.</subfield>
    <subfield code="c">25 cm.</subfield>
  </datafield>
  <datafield tag="505" ind1=" " ind2=" ">
    <subfield code="a">1. El enfoque macroecon&#xF3;mico - 2. Magnitudes macroecon&#xF3;micas &#x2013; 3. La econom&#xED;a de Robinson Crusoe &#x2013; 4. La restricci&#xF3;n presupuestaria b&#xE1;sica y la demanda de dinero &#x2013; 5. La restricci&#xF3;n presupuestaria intertemporaria y la demanda de cr&#xE9;dito &#x2013; 6. El modelo b&#xE1;sico de vaciado de mercado - 7. El mercado de trabajo &#x2013; 8. Los mercados mundiales de bienes y de cr&#xE9;dito &#x2013; 9. La inflaci&#xF3;n y los tipos de inter&#xE9;s: una introducci&#xF3;n &#x2013; 10. Dinero, inflaci&#xF3;n y tipos de inter&#xE9;s en el modelo de vaciado de mercado &#x2013; 11. La intermediaci&#xF3;n financiera &#x2013; 12. Las relaciones monetarias internacionales &#x2013; 13. La inversi&#xF3;n y los ciclos reales &#x2013; 14. El desempleo &#x2013; 15. El crecimiento econ&#xF3;mico &#x2013; 16. El gasto p&#xFA;blico en bienes y servicios &#x2013; 17. Los impuestos y las transferencias &#x2013; 18.  La deuda p&#xFA;blica &#x2013; 19. La inversi&#xF3;n y la pol&#xED;tica fiscal en la econom&#xED;a mundial &#x2013; 20. La interacci&#xF3;n entre las variables nominales y las reales  - 21. El dinero y las fluctuaciones econ&#xF3;micas en el modelo de vaciado de mercado &#x2013; 22. La teor&#xED;a keynesiana de las fluctuaciones econ&#xF3;micas &#x2013; 23. Pol&#xED;ticas monetarias, credibilidad y coordinaci&#xF3;n internacional - </subfield>
  </datafield>
  <datafield tag="041" ind1=" " ind2=" ">
    <subfield code="a">spa</subfield>
  </datafield>
  <datafield tag="942" ind1=" " ind2=" ">
    <subfield code="c">BK</subfield>
  </datafield>
  <datafield tag="590" ind1=" " ind2=" ">
    <subfield code="a">niveau_biblio:m niveau_hierar:0</subfield>
  </datafield>
  <datafield tag="100" ind1="1" ind2=" ">
    <subfield code="a">Grilli, Vittorio</subfield>
  </datafield>
  <datafield tag="700" ind1="1" ind2=" ">
    <subfield code="a">Barro, Robert J.</subfield>
  </datafield>
  <datafield tag="700" ind1="1" ind2=" ">
    <subfield code="a">Febrero, Ram&#xF3;n</subfield>
  </datafield>
  <datafield tag="856" ind1="4" ind2="1">
    <subfield code="u">https://www.biblioeco.unsa.edu.ar/pmb/images/libros/L127008.jpg</subfield>
    <subfield code="y">Imagen de portada</subfield>
    <subfield code="q">image/jpeg</subfield>
  </datafield>
  <datafield tag="999" ind1=" " ind2=" ">
    <subfield code="c">3826</subfield>
    <subfield code="d">3826</subfield>
  </datafield>
  <datafield tag="952" ind1=" " ind2=" ">
    <subfield code="0">0</subfield>
    <subfield code="1">0</subfield>
    <subfield code="4">0</subfield>
    <subfield code="7">0</subfield>
    <subfield code="a">BCEJYS</subfield>
    <subfield code="b">BCEJYS</subfield>
    <subfield code="c">16</subfield>
    <subfield code="d">2026-04-07</subfield>
    <subfield code="l">0</subfield>
    <subfield code="o">330.101.541 B277</subfield>
    <subfield code="p">L127008</subfield>
    <subfield code="r">2026-04-07 15:57:23</subfield>
    <subfield code="w">2026-04-07</subfield>
    <subfield code="y">L</subfield>
  </datafield>
</record>
